Monster Hunter Wilds-Large Monsters and maps - Statistics

General Stats
  • This quiz has been taken 44 times
    41 since last reset
  • The average score is 34 of 39
Answer Stats
Hint Answer % Correct
Leviathan Balahara
100%
Fanged Beast Doshaguma
100%
Elder Dragon Gogmazios
100%
Demi Elder Gore Magala
100%
Construct Guardian Arkveld
100%
Temnoceran Nerscylla
100%
Leviathan Uth Duna
100%
Bird Wyvern Yian Kut-Ku
100%
Flying Wyvern Arkveld
92%
Fanged Beast Blangonga
92%
Amphibian Chatacabra
92%
Construct Guardian Doshaguma
92%
Construct Guardian Ebony Odogaron
92%
Construct Guardian Fulgur Anjanath
92%
Construct Guardian Rathalos
92%
Leviathan Lagiacrus
92%
Temnoceran Lala Barina
92%
Cephalopod Nu Udra
92%
??? Omega Planetes
92%
Brute Wyvern Quematrice
92%
Flying Wyvern Rathalos
92%
Flying Wyvern Rathian
92%
Flying Wyvern Rey Dau
92%
Cephalopod Xu Wu
92%
Fanged Beast Congalala
85%
Leviathan Mizutsune
85%
Construct Zoh Shia
85%
Fanged Beast Ajarakan
77%
Bird Wyvern Gypceros
77%
Leviathan Hirabami
77%
Leviathan Jin Dahaad
77%
Brute Wyvern Rompopolo
77%
Ruins Of Wyveria
77%
Scarlet Forest
77%
Flying Wyvern Seregios
77%
Flying Wyvern Gravios
62%
Iceshard Cliffs
62%
Oilwell Basin
62%
Windward Plains
62%
No matching quizzes found
Score Distribution
Percent of People with Each Score
Percentile by Number Answered
Your Score History
You have not taken this quiz since the last reset